000 00285nam a22001217a 4500
008 180730b xxu||||| |||| 00| 0 eng d
082 _2813.52
245 _aThe nurse, The math, The mads
_cDauggerty, V
260 _c2007
300 _a1
_fCD
440 _x9996018563
942 _2ddc
_cMX
999 _c46664
_d46664